| 000 | 00706nam a22002057a 4500 | ||
|---|---|---|---|
| 999 |
_c15967 _d15967 |
||
| 003 | AR-CdUCM | ||
| 008 | 190430b ||||| |||| 00| 0 spa d | ||
| 020 | _a84-86008-04-2 | ||
| 040 |
_aMUNICIPALIDAD PROVINCIAL DEL CUSCO _cBIBLIOTECA MUNICIPAL DEL CUSCO |
||
| 082 |
_a070 / _bA31 |
||
| 100 |
_aAguilar, Miguel Angel _935224 |
||
| 245 | _aEl vértigo de la prensa / | ||
| 260 |
_aBarcelona : _bMezquita, _c1982. |
||
| 300 |
_a226 páginas ; _c20 cm. |
||
| 505 | _aContenido : Prologo disuasivo -- Minuciosa conspiración -- Rodriguez Sahagún, en apuros -- Mariscadas y sopa caliente ... | ||
| 650 |
_aPrensa _919488 |
||
| 650 |
_aPeriodismo _91929 |
||
| 942 |
_2ddc _cLIBROS |
||
| 945 |
_arah _d30/04/2019 |
||